| 000 | 00442nam a22001697a 4500 | ||
|---|---|---|---|
| 003 | CEME | ||
| 005 | 20210628205043.0 | ||
| 008 | 210128b xxu||||| |||| 00| 0 eng d | ||
| 020 | _a81-7008-311-7 | ||
| 040 | _c. | ||
| 082 | _a620.106 MAN | ||
| 100 |
_aBANSAL, R.K _951504 |
||
| 245 | _aA text book of fluid mechanics and hydraulic machines | ||
| 260 |
_aNEW DELHI _bISLAMIC PUBLICATIONS _c2002 |
||
| 300 | _aXXIV,1006P | ||
| 942 |
_cBK _2ddc |
||
| 999 |
_c579310 _d579310 |
||